| 000 | 00899nam a2200217 i 4500 | ||
|---|---|---|---|
| 001 | 000913332 | ||
| 003 | AM-YeHGA | ||
| 005 | 20250617145618.0 | ||
| 008 | 020227s1982 ru r 000 0 rus d | ||
| 040 | _aAM-YeHGA | ||
| 041 | 0 | _arus | |
| 100 | 1 | _aПолькин, Степан Иванович | |
| 245 | 1 | 0 |
_aТехнология бактериального выщелачивания цветных и редких металлов / _cС. И. Полькин, Э. В. Адамов, В. В. Панин. |
| 260 |
_aМосква : _bНедра, _c1982. |
||
| 300 |
_a288 с. : _bил. ; _c22 см. |
||
| 504 | _aБиблиогр.: с. 282-286 | ||
| 653 | 0 | _aРуды - Выщелачивание - Микробиологический метод | |
| 700 | 1 | _aАдамов, Эдуард Владимирович | |
| 700 | 1 | _aПанин, Виктор Васильевич | |
| 090 | _c316890 | ||
| 999 |
_c315168 _d315168 |
||